The purchase, care and repair of athletic equipment.

Bibliographic Details
Main Author: Meyer, Kenneth L., 1922-
Format: Book
Language:English
Published: Saint Louis : Educational Publishers, [1948]
Subjects:

MARC

Tag First Indicator Second Indicator Subfields
LEADER 00000cam a2200000 4500
001 in00000035538
005 20151007060827.0
008 771215s1948 mouac 00100 eng
010 |a  49001290  
035 |a (OCoLC)03493627 
035 |9 AAD0303AM 
040 |a DLC  |c MOL  |d OCL  |d TXA  |d UtOrBLW 
049 |a TXAM  |c [167198] 
050 0 |a GV745  |b .M49 
082 0 |a 796.078 
092 |a 796.078  |b M612p 
100 1 |a Meyer, Kenneth L.,  |d 1922- 
245 1 4 |a The purchase, care and repair of athletic equipment. 
264 1 |a Saint Louis :  |b Educational Publishers,  |c [1948] 
300 |a vii, 160 pages :  |b illustrations, portrait ;  |c 24 cm. 
336 |a text  |b txt  |2 rdacontent 
337 |a unmediated  |b n  |2 rdamedia 
338 |a volume  |b nc  |2 rdacarrier 
650 0 |a Sporting goods. 
999 |a MARS 
999 f f |s 30a4675a-029d-3265-a8fc-725a46bf0c2b  |i e7abc7ba-d6a0-3844-b37a-7483c92bbd30  |t 0 
952 f f |p ric  |a Texas A&M University  |b Rellis Campus  |c Joint Library Facility  |d Remote Storage  |t 0  |e GV745 .M49  |h Library of Congress classification  |i unmediated -- volume  |m A14801183523 
998 f f |a GV745 .M49  |t 0  |l Remote Storage